书目信息 |
| 题名: |
双语对应语料库研制与应用
|
|
| 作者: | 王克非 著 | |
| 分册: | ||
| 出版信息: | 北京 外语教学与研究出版社 2004.10 |
|
| 页数: | 268页 | |
| 开本: | 21cm | |
| 丛书名: | 北京外国语大学中国外语教育研究中心 | |
| 单 册: | ||
| 中图分类: | H085.3 | |
| 科图分类: | ||
| 主题词: | 一对一翻译 (机器翻译)--yi dui yi fan yi(ji qi fan yi)--数据库 | |
| 电子资源: | ||
| ISBN: | 7-5600-4236-8 | |
| 000 | 01083nam 2200265 450 | |
| 001 | 012007475332 | |
| 005 | 20071011100620.73 | |
| 010 | @a7-5600-4236-8@dCNY11.90 | |
| 100 | @a20070806d2004 km y0chiy0120 ea | |
| 101 | 0 | @achi |
| 102 | @aCN@b110000 | |
| 105 | @aak a 000yy | |
| 200 | 1 | @a双语对应语料库研制与应用@Ashuang yu dui ying yu liao ku yan zhi yu ying yong@f王克非等著@Fwang ke fei deng zhu |
| 210 | @a北京@c外语教学与研究出版社@d2004.10 | |
| 215 | @a268页@c图@d21cm | |
| 225 | 2 | @a北京外国语大学中国外语教育研究中心@Abei jing wai guo yu da xue zhong guo wai yu jiao yu yan jiu zhong xin@i学术著作系列 |
| 300 | @a教育部人文社会科学重点研究基地 | |
| 320 | @a有书目 (第250-268页)。 | |
| 330 | @a本书分四部分、24节,分别讨论语料库的研制、检索问题,以及应用双语库开展的相关语言、翻译等相关方面领域的研究。 | |
| 410 | 0 | @12001 @a北京外国语大学中国外语教育研究中心@i学术著作系列 |
| 606 | 0 | @a一对一翻译 (机器翻译)@Ayi dui yi fan yi(ji qi fan yi)@x数据库 |
| 690 | @aH085.3@v4 | |
| 701 | 0 | @a王克非@Awang ke fei@4著 |
| 801 | 0 | @aCN@c20071011 |
| 905 | @dH085.3@eW241 | |
| 双语对应语料库研制与应用/王克非等著.-北京:外语教学与研究出版社,2004.10 |
| 268页:图;21cm.-(北京外国语大学中国外语教育研究中心.学术著作系列) |
| 教育部人文社会科学重点研究基地 |
| ISBN 7-5600-4236-8:CNY11.90 |
| 本书分四部分、24节,分别讨论语料库的研制、检索问题,以及应用双语库开展的相关语言、翻译等相关方面领域的研究。 |
| ● |
| 相关链接 |
|
|
|
正题名:双语对应语料库研制与应用
索取号:H085.3/W241
 
预约/预借
| 序号 | 登录号 | 条形码 | 馆藏地/架位号 | 状态 | 备注 |
| 1 | 253641 | 202536416 | 语言库209/209语言库 68排2列4层/ [索取号:H085.3/W241] | 在馆 | |
| 2 | 253642 | 202536425 | 语言库209/209语言库 68排2列4层/ [索取号:H085.3/W241] | 在馆 | |
| 3 | 253643 | 202536434 | 语言库209/209语言库 68排2列4层/ [索取号:H085.3/W241] | 在馆 |